000 01205nam a2200301 i 4500
001 000026258
003 DO-SdBNP
005 20250411120715.0
007 ta
008 110308s2000 dr ac 000 0 spa d
020 _a9993481939
040 _aDO-SdBNP
_bspa
_cBNPHU
_erda
049 _aBNPD
082 4 _a972.9302
_bM671n
_222
100 1 _aMira Caballos, Esteban
_d1966-
_953290
_eautor
245 1 0 _aNicolás de Ovando y los orígenes del sistema colonial español 1502-1509 /
_cEsteban Mira Caballos ; cuidado de edición, José Chez Checo
264 _aSanto Domingo :
_bPatronato de la Ciudad Colonial de Santo Domingo
_bCentro de Altos Estudios Humanísticos y del Idioma Español,
_c2000.
300 _a201 páginas :
_bilustraciones ;
_c24 cm.
336 _2rdacontent
_atexto
_btxt
337 _2rdamedia
_asin mediación
_bn
338 _2rdacrrier
_avolumen
_bnc
500 _aIncluye referencias bibliográficas y notas al pie de las páginas
590 _aInventariado, 2024/BT
600 1 4 _aOvando, Nicolás de
_d1460-1518
_9828
600 1 4 _aOvando, Nicolás de
_xGobernador de Indias
_y1501-1509
_953291
700 1 _aChez Checo, José,
_ecuidado de edición
_980381
942 _2ddc
_cLBS1
999 _c25750
_d25750